[Event "IECG QN.1998.0.00028"]
[Site "IECG email"]
[Date "1998.08.13"]
[Round "?"]
[White "Zorba, German"]
[Black "Cornett, Paul"]
[Result "1-0"]
[WhiteElo "800"]
[BlackElo "800"]
[PlyCount "29"]
[EventDate "1998.08.13"]
[EventType "tourn (corr)"]
[EventRounds "6"]
[SourceTitle "Corr 2008"]
[Source "ChessBase"]
[SourceDate "2008.06.24"]
[SourceVersion "1"]
[SourceVersionDate "2008.06.24"]
[SourceQuality "1"]

1. e4 e5 2. Nf3 Nc6 3. Bc4 Bc5 4. c3 Nf6 5. d4 exd4 6. cxd4 Bb4+ 7. Nc3 Nxe4 8. 0-0 Nxc3 9. bxc3 Bxc3 10. Ba3 Bxa1 11. Re1+ Ne7 12. Bxe7 Qxe7 13. Rxe7+ Kxe7 14. Qxa1 Re8 15. h3 1-0